000 00557nam a2200217Ia 4500
005 20241129120313.0
008 241129s9999||||xx |||||||||||||| ||und||
020 _a9789355184504
037 _aTB
040 _aSDCL
_beng
_cSDCL
041 _ahin
_2hin
084 _aO152,3N381x R3
_qSDCL
100 _aGarg Mridula
245 0 _aVe Nayaab Aurtein
260 _aNew Delhi
_bVani Prakashan India
_c2023
300 _a439p.
365 _aINR
_b795
650 _aHindi
942 _cTB
_hO152,3N381x R3
999 _c1234241
_d1234241